[Event "41st Guernsey International Open"]
[Site "Guernsey, GCI"]
[Date "2015.10.20"]
[Round "3"]
[White "Downey, Keith"]
[Black "Campbell, Ian"]
[Result "1/2-1/2"]
[WhiteElo "1869"]
[BlackElo "1996"]
[PlyCount "30"]
[EventDate "2015.10.18"]
[EventType "swiss"]
[EventRounds "7"]

1. Nf3 g6 2. d4 Bg7 3. e4 d6 4. Be2 Nd7 5. c4 e5 6. dxe5 Nxe5 7. Nxe5 dxe5 8.
Qxd8+ Kxd8 9. Nc3 c6 10. Be3 Kc7 11. O-O Bh6 12. Bxh6 Nxh6 13. Rfd1 Be6 14. Kf1
Rad8 15. f3 Rxd1+ 1/2-1/2

[Event "41st Guernsey International Open"]
[Site "Guernsey, GCI"]
[Date "2015.10.20"]
[Round "3"]
[White "Hamperl, Fred"]
[Black "De Kruif, Kees"]
[Result "1/2-1/2"]
[WhiteElo "2082"]
[BlackElo "1954"]
[PlyCount "125"]
[EventDate "2015.10.18"]
[EventType "swiss"]
[EventRounds "7"]

1. e4 c5 2. Nc3 d6 3. f4 Nc6 4. Nf3 Bg4 5. Bb5 a6 6. Bxc6+ bxc6 7. O-O g6 8. h3
Bd7 9. e5 Bg7 10. Ne4 Bf5 11. Qe2 dxe5 12. fxe5 Bxe4 13. Qxe4 Qd5 14. Qe2 Nh6
15. g4 O-O 16. d3 f5 17. c4 Qd8 18. g5 Nf7 19. e6 Ne5 20. Nxe5 Qd4+ 21. Be3
Qxe5 22. Rae1 Qg3+ 23. Qg2 Qxg2+ 24. Kxg2 Bd4 25. Bxd4 cxd4 26. Re5 Rfd8 27.
Rd1 a5 28. Kf3 a4 29. Kf4 Rdb8 30. Rb1 Rb6 31. Rc5 Rab8 32. Ke5 Rxb2 33. Rxb2
Rxb2 34. Rxc6 Rxa2 35. Kxd4 Re2 36. Ra6 f4 37. Rxa4 Rxe6 38. Ra2 Re3 39. c5 e5+
40. Kd5 Rxd3+ 41. Kxe5 f3 42. Kf6 Rd8 43. Ke7 Rf8 44. Rf2 Rf4 45. c6 Re4+ 46.
Kd6 Re3 47. Rc2 Re2 48. Rc1 Rd2+ 49. Ke5 Re2+ 50. Kd4 f2 51. c7 f1=Q 52. c8=Q+
Qf8 53. Qc4+ Qf7 54. Qxe2 Qf4+ 55. Qe4 Qxc1 56. Qe8+ Kg7 57. Qe7+ Kg8 58. Qd8+
Kg7 59. Qe7+ Kg8 60. Qd8+ Kg7 61. Qe7+ Kg8 62. Qd8+ Kg7 63. Qe7+ 1/2-1/2

[Event "41st Guernsey International Open"]
[Site "Guernsey, GCI"]
[Date "2015.10.20"]
[Round "3"]
[White "Van Randen, Fred"]
[Black "Jackson, Oliver A"]
[Result "1/2-1/2"]
[WhiteElo "1908"]
[BlackElo "2077"]
[PlyCount "50"]
[EventDate "2015.10.18"]
[EventType "swiss"]
[EventRounds "7"]

1. Nc3 c5 2. e4 e6 3. Nf3 a6 4. d4 cxd4 5. Nxd4 Qc7 6. Bd3 Nf6 7. O-O b5 8. a3
Bb7 9. Qe2 d6 10. Bd2 Nbd7 11. f4 Be7 12. Nf3 h5 13. h3 h4 14. f5 e5 15. Rfe1
Nb6 16. Rad1 Nh5 17. Be3 Ng3 18. Qf2 Nd7 19. Bg5 Bxg5 20. Nxg5 Qc5 21. Nf3
O-O-O 22. Qxc5+ Nxc5 23. Kh2 Rh6 24. Nxh4 Ngxe4 25. Nxe4 Nxe4 1/2-1/2

[Event "41st Guernsey International Open"]
[Site "Guernsey, GCI"]
[Date "2015.10.20"]
[Round "3"]
[White "Hardy, Roger"]
[Black "Prins, Jan"]
[Result "0-1"]
[WhiteElo "1949"]
[BlackElo "2073"]
[PlyCount "30"]
[EventDate "2015.10.18"]
[EventType "swiss"]
[EventRounds "7"]

1. d4 d5 2. c4 c6 3. Nf3 Nf6 4. Nc3 g6 5. cxd5 cxd5 6. g3 Bg7 7. Bg2 O-O 8. O-O
Nc6 9. Ne5 Be6 10. Qa4 Qb6 11. Be3 a5 12. Nb5 Qd8 13. Nd3 Bf5 14. Rfd1 Na7 15.
Bf4 Bd7 0-1

[Event "41st Guernsey International Open"]
[Site "Guernsey, GCI"]
[Date "2015.10.20"]
[Round "3"]
[White "Dijksterhuis, Rolf"]
[Black "Marley, Andrew SG"]
[Result "0-1"]
[WhiteElo "2006"]
[BlackElo "1882"]
[PlyCount "48"]
[EventDate "2015.10.18"]
[EventType "swiss"]
[EventRounds "7"]

1. e4 c5 2. Nf3 d6 3. d4 cxd4 4. Nxd4 Nf6 5. Nc3 a6 6. Bc4 e6 7. Bb3 b5 8. f3
Nbd7 9. Be3 Bb7 10. Qd2 Ne5 11. O-O-O Rc8 12. Kb1 Nfd7 13. f4 Nc4 14. Bxc4 Rxc4
15. e5 dxe5 16. Ndxb5 axb5 17. Nxb5 Bd5 18. b3 Rc8 19. c4 Bc6 20. Na7 Be4+ 21.
Kb2 Nc5 22. Nxc8 Nd3+ 23. Ka1 exf4 24. Bb6 Qf6+ 0-1

[Event "41st Guernsey International Open"]
[Site "Guernsey, GCI"]
[Date "2015.10.20"]
[Round "3"]
[White "French, Max"]
[Black "Vonhoff, Nils"]
[Result "0-1"]
[WhiteElo "1824"]
[BlackElo "1999"]
[PlyCount "90"]
[EventDate "2015.10.18"]
[EventType "swiss"]
[EventRounds "7"]

1. d4 Nf6 2. c4 c5 3. d5 b5 4. Qc2 Na6 5. a3 b4 6. Nf3 g6 7. e4 Qa5 8. Nbd2 b3
9. Qc3 Qxc3 10. bxc3 Bg7 11. Bb2 d6 12. Bd3 Bd7 13. O-O Nc7 14. e5 Ng4 15. exd6
exd6 16. Rae1+ Kf8 17. Ne4 Ne8 18. Nfd2 Rb8 19. f4 Ngf6 20. a4 Nxe4 21. Nxe4 h6
22. Ba3 Rc8 23. Bb2 Rc7 24. h3 f5 25. Nf2 Nf6 26. g4 Kf7 27. gxf5 gxf5 28. Re3
Rg8 29. Kh2 h5 30. Nd1 h4 31. Re2 Nh5 32. Ref2 Re8 33. Rg1 Ng3 34. Rfg2 Bxa4
35. Rxg3 hxg3+ 36. Kxg3 Bd7 37. Kf3 Rh8 38. Rg3 Bf6 39. Ne3 Bh4 40. Rg1 Be7 41.
Bxf5 Bxf5 42. Nxf5 Rxh3+ 43. Ke4 Bf8 44. Ra1 Rc8 45. Rxa7+ Kf6 0-1

[Event "41st Guernsey International Open"]
[Site "Guernsey, GCI"]
[Date "2015.10.20"]
[Round "3"]
[White "Cummins, John"]
[Black "Spanton, Timothy R"]
[Result "0-1"]
[WhiteElo "1823"]
[BlackElo "1928"]
[PlyCount "68"]
[EventDate "2015.10.18"]
[EventType "swiss"]
[EventRounds "7"]

1. e4 e5 2. Nf3 Nc6 3. Bb5 Nf6 4. Nc3 Bb4 5. d3 Nd4 6. Bc4 d5 7. exd5 Bg4 8. a3
Bxc3+ 9. bxc3 Nxf3+ 10. gxf3 Bh5 11. Bg5 Qd6 12. Bb5+ Nd7 13. c4 O-O 14. Rg1
Nc5 15. c3 Qg6 16. Ke2 e4 17. dxe4 Qxe4+ 18. Kf1 Bxf3 19. Qd2 Qf5 20. Bh6 Qh3+
21. Ke1 Rfe8+ 22. Bxe8 Rxe8+ 23. Be3 Qxh2 24. Rxg7+ Kxg7 25. Qd4+ Qe5 26. Kf1
Nd7 27. Qh4 Qh5 28. Qg3+ Qg4 29. Qh2 Qxc4+ 30. Kg1 Qg4+ 31. Kf1 h5 32. Re1 Kh7
33. Rc1 Rg8 34. c4 Bd1 0-1

[Event "41st Guernsey International Open"]
[Site "Guernsey, GCI"]
[Date "2015.10.20"]
[Round "3"]
[White "Van Ginkel, Henk"]
[Black "Petersons, Ojars"]
[Result "1-0"]
[WhiteElo "1906"]
[BlackElo "1827"]
[PlyCount "69"]
[EventDate "2015.10.18"]
[EventType "swiss"]
[EventRounds "7"]

1. e4 c5 2. Nc3 e6 3. g3 d5 4. exd5 exd5 5. d3 Nf6 6. Bg2 Be7 7. Nge2 O-O 8.
O-O Nc6 9. Bf4 Bg4 10. h3 Be6 11. Kh2 d4 12. Ne4 Nd5 13. h4 Nxf4 14. Nxf4 Bf5
15. Qh5 Bg6 16. Qe2 Bd6 17. Nxd6 Qxd6 18. Nxg6 fxg6 19. Rae1 Rf6 20. a3 Raf8
21. f4 h6 22. Qe4 Nd8 23. Qd5+ Qxd5 24. Bxd5+ Kh8 25. Re7 g5 26. hxg5 hxg5 27.
f5 Nf7 28. g4 Nh6 29. Kg3 b6 30. Rfe1 a5 31. Rb7 Ng8 32. Be6 Nh6 33. Rh1 Kh7
34. Rxb6 g6 35. Rb7+ 1-0

[Event "41st Guernsey International Open"]
[Site "Guernsey, GCI"]
[Date "2015.10.20"]
[Round "3"]
[White "Bakker, Joop"]
[Black "Plug, Arjan"]
[Result "1-0"]
[WhiteElo "1899"]
[BlackElo "1824"]
[PlyCount "55"]
[EventDate "2015.10.18"]
[EventType "swiss"]
[EventRounds "7"]

1. d4 Nf6 2. Nc3 d5 3. Bg5 h6 4. Bxf6 exf6 5. e3 Bb4 6. Bd3 c6 7. Nge2 O-O 8.
O-O Bd6 9. Ng3 Re8 10. Qf3 Bxg3 11. hxg3 Nd7 12. Ne2 Nf8 13. Nf4 Ne6 14. Nxe6
fxe6 15. e4 Qb6 16. Qe3 e5 17. exd5 cxd5 18. Bg6 Re7 19. Qb3 Qxb3 20. axb3 Bd7
21. Rfe1 a6 22. c4 dxc4 23. bxc4 Rc8 24. b3 Be8 25. Bf5 Bd7 26. Be4 Bc6 27. d5
Be8 28. d6 1-0

[Event "41st Guernsey International Open"]
[Site "Guernsey, GCI"]
[Date "2015.10.20"]
[Round "3"]
[White "Ippel, Cornelius J"]
[Black "Gravett, Alan D"]
[Result "0-1"]
[WhiteElo "1807"]
[BlackElo "1879"]
[PlyCount "134"]
[EventDate "2015.10.18"]
[EventType "swiss"]
[EventRounds "7"]

1. Nc3 Nf6 2. e4 c5 3. Nf3 d6 4. d4 cxd4 5. Nxd4 a6 6. Bc4 e6 7. O-O Be7 8. Kh1
b5 9. Bd3 Bb7 10. f3 Nbd7 11. a3 Rc8 12. Be3 Ne5 13. Nce2 Nc4 14. Bc1 Nd7 15.
c3 d5 16. exd5 Bxd5 17. Nf4 Nf6 18. Qe2 O-O 19. Re1 Re8 20. Nxd5 Qxd5 21. Be4
Nxe4 22. fxe4 Qb7 23. e5 Red8 24. Qg4 Qd5 25. Qg3 Bf8 26. h4 g6 27. h5 Bg7 28.
Nf3 Rc5 29. Bg5 Rd7 30. Bf6 Bxf6 31. exf6 Qxh5+ 32. Kg1 Rcd5 33. Nd4 Nxb2 34.
Nc6 R5d6 35. Nd4 Nc4 36. a4 e5 37. axb5 Rxf6 38. Nc6 axb5 39. Nxe5 Nxe5 40.
Rxe5 Rd1+ 41. Rxd1 Qxd1+ 42. Re1 Qd6 43. Qe3 Rf5 44. Qd4 Qxd4+ 45. cxd4 Rd5 46.
Rd1 Kg7 47. Kf2 Kf6 48. Ke3 Ke6 49. Ra1 b4 50. Kd3 b3 51. Kc4 Rg5 52. Re1+ Kd6
53. Re2 Rg3 54. Rf2 f5 55. Re2 f4 56. d5 Re3 57. Rf2 g5 58. Rd2 g4 59. Rf2 f3
60. gxf3 Rxf3 61. Rh2 g3 62. Rh6+ Ke5 63. Rxh7 b2 64. Re7+ Kd6 65. Rb7 g2 66.
Rxb2 g1=Q 67. Rb6+ Qxb6 0-1

[Event "41st Guernsey International Open"]
[Site "Guernsey, GCI"]
[Date "2015.10.21"]
[Round "4"]
[White "Hebden, Mark"]
[Black "Cherniaev, Alexander"]
[Result "1-0"]
[WhiteElo "2490"]
[BlackElo "2458"]
[PlyCount "79"]
[EventDate "2015.10.18"]
[EventType "swiss"]
[EventRounds "7"]

1. d4 Nf6 2. Nf3 d6 3. Nc3 Bf5 4. Bg5 Ne4 5. Nxe4 Bxe4 6. Nd2 Bg6 7. e4 h6 8.
Bh4 d5 9. c3 dxe4 10. Qb3 Qc8 11. Bc4 c6 12. O-O Nd7 13. Rae1 Nb6 14. f3 Nxc4
15. Nxc4 f6 16. fxe4 b5 17. Nd2 Bf7 18. Qc2 g5 19. Bg3 Bg7 20. e5 O-O 21. exf6
exf6 22. Ne4 Bg6 23. Bd6 Bxe4 24. Rxe4 Re8 25. Be7 f5 26. Re2 Qd7 27. Qb3+ Qd5
28. Qxd5+ cxd5 29. Rxf5 Rad8 30. Kf1 Rd7 31. Bc5 Rxe2 32. Kxe2 Kh7 33. Kd3 Kg6
34. g4 h5 35. h3 hxg4 36. hxg4 Bf6 37. Kc2 Bd8 38. Kb3 a6 39. a4 bxa4+ 40. Kxa4
1-0

[Event "41st Guernsey International Open"]
[Site "Guernsey, GCI"]
[Date "2015.10.21"]
[Round "4"]
[White "Koop, Thorben"]
[Black "Godard, Maxence"]
[Result "1-0"]
[WhiteElo "2407"]
[BlackElo "2327"]
[PlyCount "69"]
[EventDate "2015.10.18"]
[EventType "swiss"]
[EventRounds "7"]

1. d4 d5 2. c4 e5 3. dxe5 d4 4. Nf3 Nc6 5. a3 Nge7 6. b4 Ng6 7. Bb2 a5 8. b5
Ncxe5 9. Nxe5 Nxe5 10. e3 Bg4 11. Qxd4 f6 12. Nc3 Be7 13. Nd5 O-O 14. Qe4 Bd7
15. Bxe5 fxe5 16. Bd3 Bf5 17. Nxe7+ Qxe7 18. Qd5+ Kh8 19. Bxf5 Rxf5 20. Qxb7
Raf8 21. O-O e4 22. Rad1 Qf7 23. Qxe4 Rxf2 24. Qd3 Qf6 25. c5 Qb2 26. Rxf2
Qxf2+ 27. Kh1 h6 28. b6 cxb6 29. cxb6 Qf7 30. Rb1 Qb7 31. e4 Rf6 32. Qd4 Kg8
33. Qd5+ Rf7 34. Kg1 Kf8 35. Qd8# 1-0

[Event "41st Guernsey International Open"]
[Site "Guernsey, GCI"]
[Date "2015.10.21"]
[Round "4"]
[White "Corkett, Anthony R"]
[Black "Drenchev, Petar"]
[Result "0-1"]
[WhiteElo "2306"]
[BlackElo "2465"]
[PlyCount "92"]
[EventDate "2015.10.18"]
[EventType "swiss"]
[EventRounds "7"]

1. c4 c6 2. g3 d5 3. Bg2 Nf6 4. Nf3 dxc4 5. a4 Na6 6. b3 cxb3 7. Qxb3 Qb6 8.
Qd1 e5 9. a5 Qc7 10. Bb2 Bd6 11. O-O O-O 12. Na3 e4 13. Nd4 Qxa5 14. Nc4 Qc7
15. Rxa6 bxa6 16. d3 Rb8 17. dxe4 Rd8 18. Qc2 Rxb2 19. Nxb2 Bxg3 20. hxg3 Rxd4
21. e3 Rd8 22. Nd3 a5 23. Rc1 Ba6 24. Nf4 Bb5 25. Qc5 Qb8 26. Qc3 Re8 27. Qxa5
Nxe4 28. Rd1 Nf6 29. Qa3 a6 30. Qc5 h6 31. Rc1 a5 32. Ra1 Qc7 33. Rc1 Re5 34.
Qc3 a4 35. Nd3 Re8 36. Nb4 Ra8 37. Qc5 Qa7 38. Qe5 a3 39. Bxc6 Bxc6 40. Nxc6
Qb7 41. Qa1 Qb2 42. Kg2 Nd5 43. e4 Ne3+ 44. Kf3 Nc2 45. Qxb2 axb2 46. Rb1 Ra2
0-1

[Event "41st Guernsey International Open"]
[Site "Guernsey, GCI"]
[Date "2015.10.21"]
[Round "4"]
[White "Petrov, Marian"]
[Black "Sikkel, Dirk"]
[Result "1-0"]
[WhiteElo "2462"]
[BlackElo "1937"]
[PlyCount "85"]
[EventDate "2015.10.18"]
[EventType "swiss"]
[EventRounds "7"]

1. e4 g6 2. d4 Bg7 3. Nc3 d6 4. f4 a6 5. Nf3 b5 6. Bd3 Nd7 7. e5 c5 8. Ng5 Nh6
9. e6 Nf6 10. dxc5 Bxe6 11. Nxe6 fxe6 12. cxd6 exd6 13. Qe2 Qc8 14. h3 O-O 15.
g4 b4 16. Ne4 Nxe4 17. Qxe4 a5 18. O-O d5 19. Qe2 Nf7 20. a3 Bd4+ 21. Kg2 e5
22. axb4 axb4 23. Rxa8 Qxa8 24. Qe1 e4 25. Qxb4 Bg7 26. Bb5 d4 27. Qa4 Nd6 28.
Qxa8 Rxa8 29. Bc6 Rc8 30. Ba4 Kf8 31. Bd2 Nc4 32. Bb4+ Kf7 33. Bb3 Kf6 34. Ra1
Rc6 35. Ra7 Bh8 36. g5+ Kf5 37. Rf7+ Ke6 38. Rxh7 Kf5 39. Kg3 Rc8 40. Rf7+ Ke6
41. Re7+ Kf5 42. c3 d3 43. Bd1 1-0

[Event "41st Guernsey International Open"]
[Site "Guernsey, GCI"]
[Date "2015.10.21"]
[Round "4"]
[White "Mack, Wolfgang"]
[Black "Rosen, Daniel B"]
[Result "1/2-1/2"]
[WhiteElo "2223"]
[BlackElo "2063"]
[PlyCount "60"]
[EventDate "2015.10.18"]
[EventType "swiss"]
[EventRounds "7"]

1. c4 e5 2. g3 Nc6 3. Nc3 d6 4. Nf3 Be7 5. d4 Nf6 6. Bg2 O-O 7. O-O Bg4 8. d5
Nb8 9. h3 Bxf3 10. exf3 Nbd7 11. Be3 Nh5 12. f4 exf4 13. Bd2 g6 14. Bf3 Ng7 15.
Bxf4 Bg5 16. Bd2 f5 17. Qc1 Bxd2 18. Qxd2 f4 19. Qd4 Ne5 20. Bd1 fxg3 21. fxg3
Qg5 22. Ne4 Rxf1+ 23. Kxf1 Rf8+ 24. Kg2 Qh6 25. Qd2 Qxd2+ 26. Nxd2 Nf5 27. Be2
Nd4 28. Re1 Nc2 29. Rb1 Nd4 30. Re1 Nc2 1/2-1/2

[Event "41st Guernsey International Open"]
[Site "Guernsey, GCI"]
[Date "2015.10.21"]
[Round "4"]
[White "Hewson, Brian WR"]
[Black "Broek, Thomas"]
[Result "1/2-1/2"]
[WhiteElo "2059"]
[BlackElo "2205"]
[PlyCount "69"]
[EventDate "2015.10.18"]
[EventType "swiss"]
[EventRounds "7"]

1. d4 Nf6 2. Nf3 g6 3. Bg5 Bg7 4. e3 d6 5. Bd3 Nbd7 6. Nbd2 O-O 7. c3 Qe8 8.
O-O e5 9. e4 h6 10. Bxf6 Nxf6 11. dxe5 dxe5 12. Nc4 Nh5 13. Ne3 Nf4 14. Bc4 Bd7
15. a4 Kh8 16. Qb3 b6 17. Rfe1 a5 18. Bf1 Bc6 19. Bb5 Bxb5 20. Qxb5 Qxb5 21.
axb5 Ne6 22. Re2 Nc5 23. Nd5 Ne6 24. g3 Rad8 25. Nh4 Kh7 26. f3 Rd6 27. Rd1
Rfd8 28. Red2 Kh8 29. Ng2 f5 30. exf5 Nd4 31. cxd4 Rxd5 32. Ne3 Rxd4 33. Rxd4
exd4 34. fxg6 Rf8 35. Nd5 1/2-1/2

[Event "41st Guernsey International Open"]
[Site "Guernsey, GCI"]
[Date "2015.10.21"]
[Round "4"]
[White "Abbas, Daniel"]
[Black "Purdon, Colin"]
[Result "1/2-1/2"]
[WhiteElo "2168"]
[BlackElo "2042"]
[PlyCount "65"]
[EventDate "2015.10.18"]
[EventType "swiss"]
[EventRounds "7"]

1. e4 e6 2. d4 d5 3. Nd2 Nf6 4. e5 Nfd7 5. Bd3 c5 6. c3 Nc6 7. Ne2 cxd4 8. cxd4
f6 9. exf6 Nxf6 10. O-O Bd6 11. Nf3 O-O 12. Bf4 Nh5 13. Bxd6 Qxd6 14. Qd2 Bd7
15. Bb5 Nf6 16. Ng3 a6 17. Bxc6 Bxc6 18. Rfe1 Nd7 19. Ne5 Nxe5 20. Rxe5 Rac8
21. Rc1 Bd7 22. Ne2 Qb6 23. Rc3 Rxc3 24. Nxc3 Rc8 25. Re3 Qd6 26. Ne2 Bb5 27.
Nc3 Bd7 28. f3 Qf4 29. g3 Qf6 30. Ne2 Qf5 31. Nc3 h6 32. Kg2 b5 33. b4 1/2-1/2

[Event "41st Guernsey International Open"]
[Site "Guernsey, GCI"]
[Date "2015.10.21"]
[Round "4"]
[White "Wager, John D"]
[Black "Salimbeni, George PW"]
[Result "1-0"]
[WhiteElo "2029"]
[BlackElo "2142"]
[PlyCount "115"]
[EventDate "2015.10.18"]
[EventType "swiss"]
[EventRounds "7"]

1. d4 d5 2. Nf3 Bg4 3. g3 Bxf3 4. exf3 e6 5. Bg2 c5 6. dxc5 Bxc5 7. O-O Nf6 8.
Nd2 O-O 9. c4 Nc6 10. Nb3 Bb6 11. c5 Bc7 12. Be3 b6 13. f4 Rb8 14. f5 bxc5 15.
fxe6 fxe6 16. Nxc5 Re8 17. Na6 Rc8 18. Nxc7 Qxc7 19. Qa4 e5 20. Rac1 Qb7 21.
Bh3 Rc7 22. Rc2 Ne7 23. Rxc7 Qxc7 24. Qxa7 Qxa7 25. Bxa7 Kf7 26. Bc5 Nc6 27. b4
Rb8 28. a3 g5 29. Rc1 g4 30. Bf1 Ne4 31. b5 Na5 32. Ba7 Rb7 33. b6 Ke7 34. Ba6
Rd7 35. Bc8 Rd8 36. Rc7+ Kd6 37. Bb8 Nc6 38. Rd7+ Kc5 39. Rxd8 Nxd8 40. Bc7 Nc6
41. Bxg4 Nd6 42. Bd7 Na5 43. Bxd6+ Kxd6 44. Bc8 Nc4 45. b7 Kc7 46. g4 d4 47.
Bf5 h6 48. Be4 Nxa3 49. h4 Nc4 50. g5 hxg5 51. h5 Nd6 52. Bg6 d3 53. Kf1 e4 54.
h6 e3 55. fxe3 Nc4 56. h7 Nxe3+ 57. Ke1 d2+ 58. Kxd2 1-0

[Event "41st Guernsey International Open"]
[Site "Guernsey, GCI"]
[Date "2015.10.21"]
[Round "4"]
[White "Havenaar, Jan"]
[Black "Curtis, John E"]
[Result "1-0"]
[WhiteElo "2016"]
[BlackElo "2101"]
[PlyCount "121"]
[EventDate "2015.10.18"]
[EventType "swiss"]
[EventRounds "7"]

1. Nc3 d6 2. f4 e5 3. Nf3 exf4 4. d4 g5 5. h4 g4 6. Ng5 h6 7. Nge4 d5 8. Nf2
Nf6 9. Bxf4 Bd6 10. Qd2 Nh5 11. Bxd6 Qxd6 12. e4 Ng3 13. Rg1 Nxf1 14. Rxf1 c6
15. O-O-O Be6 16. Rde1 Nd7 17. exd5 cxd5 18. Nd3 O-O-O 19. Nf4 Rde8 20. Nb5 Qb6
21. Qb4 Kb8 22. Qd6+ Qxd6 23. Nxd6 Ref8 24. Nb5 Re8 25. Nc3 Nb6 26. Re5 Nc4 27.
Re2 Nb6 28. Rfe1 Rhf8 29. g3 Rc8 30. Re5 Rc4 31. Nce2 Rc6 32. Nxe6 Rxe6 33.
Rxe6 fxe6 34. Nf4 Rf6 35. Rxe6 Rxe6 36. Nxe6 Kc8 37. Nf4 Kd7 38. b3 Kd6 39. Kd2
Nd7 40. c4 Nf6 41. Ke3 Ne4 42. Ne2 Ke6 43. cxd5+ Kf5 44. a4 b6 45. Kd3 a6 46.
b4 Nf2+ 47. Kd2 Ne4+ 48. Ke3 b5 49. axb5 axb5 50. Kd3 Nf2+ 51. Kd2 Ne4+ 52. Ke3
Nd6 53. Nc3 h5 54. Kd3 Kg6 55. Nxb5 Nxb5 56. Kc4 Nd6+ 57. Kc5 Ne4+ 58. Kc6 Nxg3
59. d6 Nf5 60. d7 Nxd4+ 61. Kd5 1-0

[Event "41st Guernsey International Open"]
[Site "Guernsey, GCI"]
[Date "2015.10.21"]
[Round "4"]
[White "Reijneveld, Ad"]
[Black "Shaw, Meyrick"]
[Result "1-0"]
[WhiteElo "2095"]
[BlackElo "2003"]
[PlyCount "81"]
[EventDate "2015.10.18"]
[EventType "swiss"]
[EventRounds "7"]

1. e4 c5 2. Nf3 Nc6 3. d4 cxd4 4. Nxd4 d5 5. Nc3 dxe4 6. Nxc6 Qxd1+ 7. Kxd1
bxc6 8. Nxe4 f5 9. Ng5 h6 10. Nf3 Nf6 11. Bc4 Ng4 12. Ke2 e5 13. Re1 e4 14. h3
exf3+ 15. Kxf3+ Kd8 16. hxg4 fxg4+ 17. Kg3 Bd6+ 18. Bf4 Bxf4+ 19. Kxf4 g5+ 20.
Kg3 Rb8 21. Rad1+ Kc7 22. Re7+ Kb6 23. b4 Rb7 24. Rde1 Rh7 25. Rxb7+ Kxb7 26.
Re5 Kc7 27. Be2 Kd6 28. Ra5 Rf7 29. c4 Rf4 30. Rxa7 h5 31. Rh7 h4+ 32. Rxh4 Re4
33. Rh6+ Be6 34. Bd3 Re5 35. a4 Kc7 36. Rh7+ Kd8 37. a5 Bc8 38. Rg7 Ke8 39.
Rg8+ Kd7 40. Kxg4 Kc7+ 41. Kg3 1-0

[Event "41st Guernsey International Open"]
[Site "Guernsey, GCI"]
[Date "2015.10.21"]
[Round "4"]
[White "Fassaert, Desire JM"]
[Black "Heppell, Ian N"]
[Result "1/2-1/2"]
[WhiteElo "1912"]
[BlackElo "2089"]
[PlyCount "45"]
[EventDate "2015.10.18"]
[EventType "swiss"]
[EventRounds "7"]

1. c4 e5 2. g3 Nc6 3. Bg2 f5 4. Nc3 Nf6 5. e3 d5 6. cxd5 Nb4 7. d3 Nfxd5 8.
Nxd5 Nxd5 9. Nf3 Bd6 10. O-O Nf6 11. e4 O-O 12. Qc2 Qe7 13. b3 fxe4 14. dxe4
Bd7 15. Bb2 Bb5 16. Rfe1 Rae8 17. Bf1 Bxf1 18. Rxf1 Ng4 19. Nh4 g6 20. Rac1 b6
21. Qe2 Qe6 22. f3 Nf6 23. Qc4 1/2-1/2

[Event "41st Guernsey International Open"]
[Site "Guernsey, GCI"]
[Date "2015.10.21"]
[Round "4"]
[White "Oehne, Timo"]
[Black "Dilleigh, Stephen P"]
[Result "1-0"]
[WhiteElo "2010"]
[BlackElo "2074"]
[PlyCount "59"]
[EventDate "2015.10.18"]
[EventType "swiss"]
[EventRounds "7"]

1. e4 c5 2. Nf3 e6 3. d4 cxd4 4. Nxd4 Nf6 5. Nc3 d6 6. Bd3 Nc6 7. Nb3 Be7 8. f4
O-O 9. Qf3 a5 10. Be3 a4 11. Nd4 a3 12. Nxc6 bxc6 13. b3 d5 14. e5 d4 15. O-O-O
dxe3 16. exf6 Bxf6 17. Bxh7+ Kxh7 18. Rxd8 Rxd8 19. Ne4 Bb2+ 20. Kb1 f6 21.
Qxe3 e5 22. Qf3 exf4 23. Nc5 Rd5 24. Nd3 Be5 25. g3 Bb7 26. gxf4 Bd4 27. Re1
Rad8 28. Re7 Bc8 29. Ne5 Be6 30. Qh5+ 1-0

[Event "41st Guernsey International Open"]
[Site "Guernsey, GCI"]
[Date "2015.10.21"]
[Round "4"]
[White "Norman, Kenneth I"]
[Black "Kraft, Karl Heinz"]
[Result "0-1"]
[WhiteElo "2124"]
[BlackElo "2015"]
[PlyCount "52"]
[EventDate "2015.10.18"]
[EventType "swiss"]
[EventRounds "7"]

1. Nf3 d6 2. d4 Bg4 3. c4 Nc6 4. d5 Bxf3 5. exf3 Ne5 6. f4 Nd7 7. Nc3 g6 8. g3
Bg7 9. Bd2 Ngf6 10. Bg2 O-O 11. O-O a5 12. Re1 Nc5 13. Qc2 Qd7 14. Re2 Rfe8 15.
Rae1 c6 16. dxc6 bxc6 17. Na4 Nxa4 18. Qxa4 Ra6 19. Bc3 e6 20. Rd1 Rd8 21. b4
d5 22. b5 cxb5 23. cxb5 Rc8 24. Be5 Raa8 25. Rb2 Ne8 26. Qd4 f6 0-1

[Event "41st Guernsey International Open"]
[Site "Guernsey, GCI"]
[Date "2015.10.21"]
[Round "4"]
[White "Phillips, Owen S"]
[Black "Upton, Ian J"]
[Result "0-1"]
[WhiteElo "1947"]
[BlackElo "2255"]
[PlyCount "62"]
[EventDate "2015.10.18"]
[EventType "swiss"]
[EventRounds "7"]

1. d4 d5 2. g3 c6 3. Bg2 Bf5 4. c3 Nf6 5. f3 h6 6. Nh3 e6 7. Nf2 Be7 8. e4 Bh7
9. O-O O-O 10. e5 Nfd7 11. Be3 c5 12. Qd2 Nc6 13. f4 Qb6 14. g4 f6 15. f5 cxd4
16. cxd4 fxe5 17. fxe6 exd4 18. Bxd4 Nxd4 19. exd7 Bg5 20. Bxd5+ Kh8 21. Qd1
Nc2 22. Na3 Nxa1 23. Nc4 Qc7 24. Qxa1 Qxd7 25. Bg2 Rac8 26. Ne5 Qd6 27. Nf3 Be3
28. Kh1 Rc2 29. Qe1 Bxf2 30. Rxf2 Rxf2 31. Qxf2 Be4 0-1

[Event "41st Guernsey International Open"]
[Site "Guernsey, GCI"]
[Date "2015.10.21"]
[Round "4"]
[White "Prins, Jan"]
[Black "Van Den Boogaart, Jan Maarten"]
[Result "1/2-1/2"]
[WhiteElo "2073"]
[BlackElo "1980"]
[PlyCount "61"]
[EventDate "2015.10.18"]
[EventType "swiss"]
[EventRounds "7"]

1. d4 d5 2. Nf3 Nf6 3. c4 c6 4. e3 Bf5 5. Qb3 Qc7 6. Nc3 e6 7. Bd2 Nbd7 8. Rc1
Qb6 9. Nh4 Qxb3 10. axb3 Bg6 11. Be2 Bd6 12. g4 Ne4 13. Nxe4 Bxe4 14. f3 Bg6
15. f4 Be4 16. Nf3 O-O 17. c5 Bc7 18. h4 f6 19. Rg1 e5 20. Kf2 Rae8 21. b4 a6
22. h5 Rf7 23. Nh4 exd4 24. exd4 Rfe7 25. Rce1 Nf8 26. Nf5 Bxf5 27. gxf5 Re4
28. Bf3 Rxe1 29. Rxe1 Rxe1 30. Kxe1 Kf7 31. Bg4 1/2-1/2

[Event "41st Guernsey International Open"]
[Site "Guernsey, GCI"]
[Date "2015.10.21"]
[Round "4"]
[White "Goris, Ton"]
[Black "Pleasants, Allan J"]
[Result "1-0"]
[WhiteElo "1975"]
[BlackElo "2061"]
[PlyCount "97"]
[EventDate "2015.10.18"]
[EventType "swiss"]
[EventRounds "7"]

1. e4 c5 2. c3 d6 3. d4 Nf6 4. Bd3 Nc6 5. d5 Ne5 6. Bc2 g6 7. Bf4 Bg7 8. h3 O-O
9. Nf3 Qb6 10. b3 Nxf3+ 11. Qxf3 e5 12. Be3 Qc7 13. Nd2 b5 14. O-O a6 15. c4
Nh5 16. Rfe1 Nf4 17. Rab1 g5 18. Kh2 b4 19. Nf1 Kh8 20. Bc1 Rg8 21. Ng3 g4 22.
hxg4 Qd8 23. Nf5 Bxf5 24. exf5 Qh4+ 25. Kg1 Bh6 26. Bd1 Rg7 27. g3 Qh3 28. gxf4
Rxg4+ 29. Qxg4 Rg8 30. Qxg8+ Kxg8 31. Re3 Qxf5 32. Rg3+ Kf8 33. Rb2 exf4 34.
Bg4 Qg6 35. Rg2 Qe4 36. Re2 Qb1 37. Re1 Bg7 38. Bd7 Be5 39. Bd2 Qxa2 40. Bxf4
Qxb3 41. Bxe5 dxe5 42. Rxe5 f6 43. Re1 Qc3 44. Re8+ Kf7 45. Re3 Qd4 46. Rg4
Qd1+ 47. Kg2 b3 48. Be8+ Kf8 49. Bh5 1-0

[Event "41st Guernsey International Open"]
[Site "Guernsey, GCI"]
[Date "2015.10.21"]
[Round "4"]
[White "Taylor, Mark V"]
[Black "Kirby, Peter J"]
[Result "1/2-1/2"]
[WhiteElo "2053"]
[BlackElo "1977"]
[PlyCount "39"]
[EventDate "2015.10.18"]
[EventType "swiss"]
[EventRounds "7"]

1. f4 c5 2. Nf3 g6 3. g3 Bg7 4. Bg2 Nc6 5. O-O d6 6. d3 e6 7. e4 Nge7 8. c3 O-O
9. Be3 b6 10. Nbd2 e5 11. Qc2 Be6 12. Rad1 Rc8 13. Ng5 Bd7 14. Ndf3 h6 15. Nh3
Be6 16. Nf2 Qd7 17. b3 Nd4 18. Qd2 Nxf3+ 19. Bxf3 Kh7 20. Bg2 1/2-1/2